| 000 | 01894nam a2200301Ia 4500 | ||
|---|---|---|---|
| 999 |
_c42038 _d42038 |
||
| 001 | 8728 | ||
| 003 | GE_BSU | ||
| 005 | 20240529142523.0 | ||
| 008 | 181216s1991||||ge |||||||||||||| ||geo|| | ||
| 040 | _cGE_BSU | ||
| 041 | _ageo | ||
| 080 | _a902(479.22)+316(479.22)+325.2(=353.1) დ–12 | ||
| 245 |
_aდაბრუნება : მრავალტომეული. ტომი 2, ემიგრანტული ნაშრომები / _cთაყაიშვილი ექვთიმე ; გურამ შარაძის საერთო რედაქციით ; შემდგენელი გურამ შარაძე ; რედაქტორი ლევან სანიკიძე ; მხატვარი დავით ბერძენიშვილი. |
||
| 264 |
_aთბილისი : _bმეცნიერება, _c1991. |
||
| 300 |
_a510 გვ. ; _c20 სმ. |
||
| 490 | _aქართული ემიგრანტული ლიტერატურა | ||
| 541 | _h8ლ. | ||
| 653 | _aდაბრუნება | ||
| 653 | _aსაქართველოს არქეოლოგია | ||
| 653 | _aქართველი ემიგრანტები | ||
| 653 | _aქართული ემიგრანტული ლიტერატურა | ||
| 700 |
_aთაყაიშვილი, ექვთიმე _eავტორი _918768 |
||
| 700 |
_aშარაძე, გურამ _eშემდგენელი _91431 |
||
| 700 |
_aსანიკიძე, ლევან _eრედაქტორი _922212 |
||
| 700 |
_aბერძენიშვილი, დავით _eმხატვარი _922213 |
||
| 856 |
_uhttps://dspace.nplg.gov.ge/bitstream/1234/8729/1/Emigrantuli_Nashromebi%20%282%29.pdf _yელ.ვერსია |
||
| 942 |
_cBK _2udc |
||